1923 1730 1702 1748 1116 1887 1155 1045 1542 1857 1159 1619 1257 1550 1114 1181 1337 1534 1402 1476 1486 1737 1759 1781 1371 1982 1930 1690 1085 1142 1724 1237 1235 1099 1053 1155 1939 1181 1674 1998 1598 1575 1580 1715 1505 1867 1180 1289 1876 1052 1964 1469 1100 1598 1612 1819 1575 1738 1659 1821 1308 1392 1792 1904 1069 1597 1163 1934 1717 1037 1127 1538 1250 1857 1727 1072 1365 1524 1145 1825 1382 1246 1489 1809 1712 1533 1702 1542 1346 1860 1076 1108 1396 1599 1059 1756 1846 1988 1182 BCNSPRNW ULIB Ver.6.0+V

เปลี่ยนเป็นภาษาไทย

Change to English
 แสดงรายละเอียดบรรณานุกรม
  กลับหน้าหลัก

Brief Record : Get Marc (ISO 2709) : E-mail record : QR code < ปิดหน้าต่าง
LEADER : 00000nam 2200000uu 4500
001    13399123208
003     ULIB
008    020711s2551 th a 000 0 tha d
020    9789741305803
090    นว.^bป111อ
100    ปาปิญอง
245    อัญมณีสีเลือด /^cปาปิญอง
250    พิมพ์ครั้งที่ 1
260    กรุงเทพฯ :^bบลูบัตเตอร์ฟลาย,^c2551
300    190 หน้า;^b21 ซม.
710    บลูบัตเตอร์ฟลาย
945    ^p169^l0^i20344
999    ^aทศพร เกษรทอง
รายการนี้ยังไม่มีแท็ก
คุณยังไม่ได้ล็อกอิน คุณสามารถมีกิจกรรมร่วมกับเว็บไซต์ได้ แต่ต้องล็อกอินก่อน ::
  ล็อกอิน

รายการสื่อสารสนเทศ

ลำดับที่ ประเภท เลขเรียก/บาร์โค้ด สถานที่ สถานะ
1. นวนิยาย
นวนิยาย
นว. ป111อ ฉ.1 
  Barcode: 20344
ห้องสมุดวิทยาเขตนครสวรรค์
►นวนิยาย:l:Fiction
บนชั้น

BibComment


ยังไม่เคยถูกคอมเมนท์

คอมเมนท์ทรัพยากรรายการนี้
  คอมเมนท์: อัญมณีสีเลือด ปา..


 Copyright 2026. Bcnsprnw @Library